000 00543nam a22002177a 4500
999 _c7246
_d7246
001 7246
003 BD-JhCC
005 20180206182447.0
008 180206s1968 -uk |||| |||| 00| 0 eng d
035 _a(BD-JhCC)7246
040 _aBD-JhCC
_dBD-JhCC
041 _aeng
082 _a428.2
_bBRI 1968
100 _aBright, J. A.
245 _aJunior English Composition and Grammar /
_cJ. A. Bright
260 _aLondon :
_bLongmans,
_c1968.
300 _a154 p. :
_c18 cm.
650 _aEnglish Language
942 _2ddc
_cBK